00341nam a2200109Ia 4500008004100000082000800041100001900049245004700068942000600115952009500121999001500216240331s9999 xx 000 0 und d bNEW aMcHenry, R. ed 4aThe new encyclopaedia Britannica :bvol.24 cL 001040708LaWERCLbWERCLcSSCd2024-03-31l0o 030 NEWp1254r2024-03-31w2024-03-31yL c3288d3288